[Event "Dhaka Al Mahmud Memorial"]
[Site "Dhaka"]
[Date "2022.02.05"]
[Round "1"]
[White "Osman, Goni"]
[Black "Noshin, Anjum"]
[Result "0-1"]
[WhiteElo "1629"]
[BlackElo "2017"]
[PlyCount "168"]
[EventDate "2022.02.05"]
[EventType "swiss"]
[EventRounds "9"]
[EventCountry "BAN"]
[SourceTitle "EXT 2023"]
[Source "ChessBase"]
[SourceDate "2022.10.05"]
[SourceVersion "1"]
[SourceVersionDate "2022.10.05"]
[SourceQuality "1"]

1. Nc3 d5 2. d4 Nf6 3. Bf4 Bf5 4. Nb5 Na6 5. a3 c6 6. Nc3 e6 7. Nf3 h6 8. h4 Bd6 9. Ne5 Qc7 10. Qd2 Nd7 11. Nd3 e5 12. dxe5 Nxe5 13. Nxe5 Bxe5 14. Bxe5 Qxe5 15. f4 Qe7 16. 0-0-0 Nc5 17. Qd4 f6 18. e3 Ne6 19. Qb4 a5 20. Qxe7+ Kxe7 21. Bd3 Bg4 22. Be2 Bxe2 23. Nxe2 f5 24. Nd4 Nxd4 25. exd4 Kf6 26. Rhe1 Rae8 27. Re5 g5 28. Rde1 Rxe5 29. dxe5+ Ke6 30. hxg5 hxg5 31. g3 c5 32. b4 axb4 33. axb4 cxb4 34. Re3 Rc8 35. Kb2 gxf4 36. gxf4 Rc4 37. Rf3 Re4 38. Kb3 b5 39. Rf2 Kd7 40. Kb2 Kc6 41. Kc1 Kc5 42. Kd2 Rd4+ 43. Ke3 Rc4 44. Kd3 Kc6 45. Kd2 Kd7 46. Kd3 Ke6 47. Kd2 Re4 48. Kd3 d4 49. Rf1 Kd5 50. Kd2 Kc6 51. Rf3 Kc5 52. Rf2 Kc4 53. Rf3 Kd5 54. Kd3 Kc5 55. Kd2 Kc4 56. Kd1 Kd5 57. Kd2 Kc5 58. Kd1 b3 59. cxb3 Kd5 60. Kd2 Kc5 61. Kd1 Kb4 62. Kd2 Ka3 63. Kc2 Re2+ 64. Kd3 Re4 65. Kc2 b4 66. Kd2 Kb2 67. Kd1 Ka3 68. Kd2 Kb2 69. Kd1 d3 70. Rxd3 Rxf4 71. Re3 Rd4+ 72. Ke2 f4 73. Rd3 Re4+ 74. Kf3 Rxe5 75. Kxf4 Rc5 76. Ke4 Rc3 77. Rd8 Kxb3 78. Kd4 Kb2 79. Rb8 b3 80. Ke4 Kc2 81. Kd4 b2 82. Rb7 Rb3 83. Rc7+ Kd2 84. Rh7 Rb4+ 0-1

[Event "Dhaka SGS op"]
[Site "Dhaka"]
[Date "2017.06.09"]
[Round "7"]
[White "Islam, MM Zahirul"]
[Black "Osman, Goni"]
[Result "1-0"]
[WhiteElo "1831"]
[BlackElo "1647"]
[PlyCount "49"]
[EventDate "2017.06.03"]
[EventType "swiss"]
[EventRounds "9"]
[EventCountry "BAN"]
[SourceTitle "EXT 2024"]
[Source "ChessBase"]
[SourceDate "2023.10.10"]
[SourceVersion "1"]
[SourceVersionDate "2023.10.10"]
[SourceQuality "1"]

1. Nf3 g6 2. g3 Bg7 3. Bg2 Nf6 4. 0-0 0-0 5. c4 c5 6. Nc3 Nc6 7. b3 b6 8. Bb2 Bb7 9. Nd5 Rb8 10. d3 Nd4 11. e4 Bxd5 12. exd5 d6 13. Re1 Qd7 14. Rc1 e6 15. Bh3 Rbc8 16. Ng5 h6 17. dxe6 fxe6 18. Bxe6+ Nxe6 19. Nxe6 Rfe8 20. Nxg7 Rxe1+ 21. Qxe1 Kxg7 22. Qc3 Qf5 23. Re1 Kf7 24. a4 Ng4 25. Qg7# 1-0